000 00527cab a2200205 4500
001 X1322
008 090401t1994 xxu||||| |||| 00| 0 eng d
035 _a(Sirsi) u16203
041 _aeng
245 _aRoads policy`is unsustainable`
260 _c1994
350 _a0
490 _aCSM (Chartered Surveyor Monthly)
_v3(6) March 1994, 7(1)
650 _aRICS
650 _aSUSTAINABLE DEVELOPMENT
650 _aTRANSPORT POLICY
690 _aHIGHWAYS RIGHTS OF WAY AND EASEMENTS
942 _n0
948 _c04/03/1997
999 _c10646
_d10646